| 000 | 00751cam a22002292 4500 | ||
|---|---|---|---|
| 001 | 0000001706 | ||
| 005 | 20151217145725.0 | ||
| 008 | 070322s xx 000 0 eng d | ||
| 020 |
_a9814126748 : _cKES 900 |
||
| 040 |
_aKABU _cKABU |
||
| 050 | 0 |
_aHD30.4 _b.S45 2003 |
|
| 100 | 1 |
_aSekaran, Uma. _@0000150675 |
|
| 245 | 1 | 0 |
_aResearch methods for business : _ba skill-building approach / _cUma Sekaran. |
| 250 | _a4th ed. | ||
| 260 |
_aNew York : _bJohn Wiley, _cc2003. |
||
| 300 |
_axiv, 450 p. : _bill. ; _c24 cm. |
||
| 504 | _aIncludes bibliographical references (p. 426-431) and index. | ||
| 650 | 0 |
_aBusiness. _xResearch _xMethodology. _@0000150653 |
|
| 908 | _a070322 | ||
| 950 | _@1 | ||
| 999 |
_c1927 _d1927 |
||